000
00337nam a22001457a 4500
020
_a
9789332540361
082
_a
004.65 SRI
100
_a
Vijay Srinivas Agneeswaran
245
_a
Big data analytics beyond hadoop
260
_a
New Delhi
_b
Pearson
_c
2015
300
_a
216p.
650
_a
Big Data
650
_a
Data Mining
942
_c
BK
999
_c
13757
_d
13757